| 000 | 00536nam a2200121Ia 4500 | ||
|---|---|---|---|
| 008 | 160712s9999 xx 000 0 und d | ||
| 100 | _aSapitula, Manuel Victor J. | ||
| 245 |
_cManuel Victor J. Sapitula _aAng Pagiging Deboto Bilang Pakikipagkapwa: Isang Panimulang Pagsusuri sa mga Liham Pasasalamat ng mga Deboto ng Ina ng Laging Saklolo sa Baclaran |
||
| 260 |
_c2013 _bDaluyan: Journal ng Wikang Filipino |
||
| 300 | _avol. 19 no. 2 | ||
| 650 | _xFILIPINO | ||
| 856 | _uhttp://journals.upd.edu.ph/index.php/djwf/issue/view/396/showToc | ||
| 999 |
_c297284 _d297284 |
||